| 000 | 00601nam a2200181 a 4500 | ||
|---|---|---|---|
| 001 | 000011957 | ||
| 005 | 20240412074229.0 | ||
| 008 | 091102s1972 dr 000 0 spa d | ||
| 040 |
_aDO-SdBNP _bspa _cBNPHU |
||
| 082 |
_aRD863.44 _bM316i |
||
| 100 | 1 |
_aMarchena Dujarric, Enrique de _928235 |
|
| 245 | 1 | 0 |
_aIdealismo y exotismo en la literatura de Amelia Francasci / _cEnrique de Marchena Dujarric. |
| 260 |
_aSanto Domingo : _b[Academia Dominicana de la Lengua], _c1972. |
||
| 300 |
_a40 p. ; _c23 cm. |
||
| 650 | 4 |
_aCuento dominicano _926903 |
|
| 650 | 0 |
_aLiteratura dominicana. _967 |
|
| 049 | _aBNPD | ||
| 999 |
_c11627 _d11627 |
||